000 00354 a2200169 4500
001 183308
020 _a
040 _cMagnum
100 _aQueiroz, Dinah Silveira de
240 1 0 _aFloradas na serra
_lpor
245 1 0 _aFloradas na serra
300 _a
362 0 _a1981
440 1 _aJosé Olympio
697 _aLITERATURA GERAL
942 _cBK
999 _c183308
_d183308